Statistics for Unscramble the Song Title

Click here to take the quiz!

General Stats

  • This quiz has been taken 112 times
  • The average score is 14 of 26

Answer Stats

ArtistClueAnswer% Correct
AEd SheeranFECERPTPerfect
95%
QVanilla IceECI CIE ABBYIce Ice Baby
88%
TWhitney HoustonI LIWL LAWSAY OVEL OYUI Will Always Love You
88%
CBeyoncéGINSEL SLIDEASingle Ladies
82%
SSpice GirlsNAWBANEWannabe
78%
KThe WeekndVASE OYUR RESTASave Your Tears
75%
RCranberriesBOZIMEZombie
67%
BBTSMYDANTEIDynamite
64%
YLady GagaWALSHOLShallow
61%
EMicheal JacksonSHOTOM MICARLINSmooth Criminal
57%
UBackstreet BoysGRALER ANTH FILELarger Than Life
55%
GAdeleRAWET DENUR HET GIBREDWater Under the Bridge
54%
LDua LipaGAVETINTLILevitating
52%
JBee GeesNAYSTI VIALEStayin' Alive
48%
DHarry StylesLAGFLINFalling
47%
FEd SheeranRISSHEVShivers
47%
MOlivia RodrigoRATORTITraitor
46%
IAriana GrandeSTOIPOINSPositions
45%
HTaylor SwiftSLITDEW MADERSWildest Dreams
42%
PLos Del RioCARMANEAMacarena
39%
XLewis CapaldiSURIBESBruises
36%
VKing HarvestCANDGIN NI HET GLOMONITHDancing in the Moonlight
34%
OBackstreet BoysBEDRYOVEYEverybody
30%
ZMaroon 5ONEHAPPYPayphone
30%
NHansonPMOMMBMmmbop
27%
WSam SmithMODADSINDiamonds
7%

Score Distribution

Percentile by Number Answered

Percent of People with Each Score

Your Score History

You have not taken this quiz